|
|
|
|
| LEADER |
00000ny a22000003n 4500 |
| 005 |
20110627105422.0 |
| 008 |
090119s20082008sp |||||s|||||||||||spa d |
| 020 |
|
|
|a 8434017210
|
| 035 |
|
|
|a 2466
|
| 040 |
|
|
|a UMA.RE
|d vLex
|
| 080 |
|
|
|a 351.77(460)(0.034)
|
| 090 |
|
|
|c 1119
|d 1119
|
| 100 |
1 |
|
|a Přez Sǹchez , Cristina
|
| 245 |
1 |
0 |
|a Seguridad Social, funcionamiento y garantias
|h [Recurso electrn̤ico]
|c Cristina Přez Sǹchez
|
| 256 |
|
|
|a Servicio en ln̕ea
|
| 260 |
|
|
|a Madrid :
|b Boletn̕ Oficial del Estado,
|c 2008
|
| 506 |
1 |
|
|a Contenido solo disponible en los productos indicados
|d vLex Global
|d vLex Global (Academic Edition, excluding Law Schools)
|d vLex Global (U.S. Academic Edition, Law Schools)
|d vLex Global (U.S. Academic Edition, excluding Law Schools)
|d vLex Global (Academic Edition, Law Schools)
|
| 650 |
0 |
7 |
|a Seguridad social
|2 Tesauro vLex
|
| 710 |
2 |
|
|a Boletn̕ Oficial del Estado (Espaą)
|
| 740 |
0 |
|
|a vLex Libros (Servicios en ln̕ea)
|
| 856 |
4 |
0 |
|u http://vlex.com/source/2466
|z Acceso restringido
|
| 942 |
|
|
|c BOOK
|